| Tag |
First Indicator |
Second Indicator |
Subfields |
| LEADER |
00000cam a2200000 4500 |
| 001 |
in00000040890 |
| 005 |
20151007064722.0 |
| 008 |
760713s1941 nyu 00000 eng |
| 010 |
|
|
|a 41006984
|
| 035 |
|
|
|a (OCoLC)02309006
|
| 035 |
|
|
|9 AAE0446AM
|
| 040 |
|
|
|a DLC
|c TOL
|d TXA
|d UtOrBLW
|
| 049 |
|
|
|a TXAM
|c [108333]
|
| 050 |
0 |
0 |
|a QC475
|b .R65
|
| 082 |
0 |
|
|a 537.53
|
| 092 |
|
|
|a 537.53
|b R651r
|
| 100 |
1 |
|
|a Robertson, John Kellock,
|d 1885-
|
| 245 |
1 |
0 |
|a Radiology physics ;
|b an introductory course for medical or premedical students and for all radiologists /
|c by John Kellock Robertson.
|
| 264 |
|
1 |
|a New York :
|b D. Van Nostrand company, inc.,
|c [1941]
|
| 264 |
|
4 |
|c [©1941]
|
| 300 |
|
|
|a xv, 270 pages :
|b including frontispiece, illustrations, diagrams ;
|c 24 cm.
|
| 336 |
|
|
|a text
|b txt
|2 rdacontent
|
| 337 |
|
|
|a unmediated
|b n
|2 rdamedia
|
| 338 |
|
|
|a volume
|b nc
|2 rdacarrier
|
| 650 |
|
0 |
|a X-rays.
|
| 650 |
|
0 |
|a Electricity.
|
| 650 |
|
0 |
|a Radioactivity.
|
| 999 |
|
|
|a MARS
|
| 999 |
f |
f |
|s e408ef43-8856-35a1-a8a5-00e016c2a8f9
|i 9717ef2f-141d-325d-b6b1-fb5b57f43085
|t 0
|
| 952 |
f |
f |
|p ric
|a Texas A&M University
|b Rellis Campus
|c Joint Library Facility
|d Remote Storage
|t 0
|e QC475 .R65
|h Library of Congress classification
|i unmediated -- volume
|k 1941
|m A14800924366
|
| 998 |
f |
f |
|a QC475 .R65
|t 0
|l Remote Storage
|